東北新幹線が通過する市区町村 - Statistics

General Stats
  • This quiz has been taken 901 times
  • The average score is 50 of 76
Answer Stats
自治体名 % Correct
千代田区 東京 駅所在地
96%
さいたま市 大宮 駅所在地
95%
北区
92%
宇都宮市 宇都宮 駅所在地
92%
小山市 小山 駅所在地
91%
仙台市 仙台 駅所在地
91%
台東区 上野 駅所在地
90%
福島市 福島 駅所在地
90%
郡山市 郡山 駅所在地
89%
那須塩原市 那須塩原 駅所在地
88%
白河市
87%
盛岡市 盛岡 駅所在地
87%
八戸市 八戸 駅所在地
87%
青森市 新青森 駅所在地
87%
中央区
84%
一関市 一ノ関 駅所在地
84%
白石市 白石蔵王 駅所在地
83%
久喜市
82%
古河市
82%
花巻市 新花巻 駅所在地
82%
二戸市 二戸 駅所在地
82%
戸田市
80%
北上市 北上 駅所在地
80%
荒川区
79%
名取市
78%
大崎市 古川 駅所在地
76%
奥州市 水沢江刺 駅所在地
76%
七戸町 七戸十和田 駅所在地
76%
栗原市 くりこま高原 駅所在地
75%
白岡市
73%
須賀川市
73%
蓮田市
72%
十和田市
72%
板橋区
71%
二本松市
71%
上尾市
69%
岩沼市
67%
矢板市
66%
那須町
66%
西郷村 新白河 駅所在地
66%
平泉町
65%
一戸町
65%
伊達市(福島県)
64%
さくら市
62%
岩手町 いわて沼宮内 駅所在地
62%
五戸町
61%
本宮市
60%
野木町
59%
利府町
59%
伊奈町
58%
下野市
58%
大田原市
58%
多賀城市
56%
六戸町
56%
滝沢市
55%
蔵王町
54%
紫波町
53%
幸手市
52%
大河原町
51%
桑折町
50%
矢巾町
50%
国見町
49%
矢吹町
48%
五霞町
44%
上三川町
41%
柴田町
41%
大和町
40%
泉崎村
39%
村田町
38%
大衡村
38%
おいらせ町
38%
東北町
38%
塩谷町
33%
南部町(青森県)
31%
天栄村
28%
大郷町
27%
No matching quizzes found
Score Distribution
Percent of People with Each Score
Percentile by Number Answered
Your Score History
You have not taken this quiz